000 00714nam a2200241Ia 4500
003 OSt
005 20220918172457.0
006 a|||||r|||| 00| 0
007 ta
008 220917b |||||||| |||| 00| 0 eng d
024 _a1,088
037 _cTextual
040 _aARTS
_cARTS
_beng
041 _2eng
_aeng
082 _aQ70Q6:3, H5
100 _aSweetman J Windrow
_941784
245 0 _aIslam and Christian theology
_b a study of the interpretation of theological ideas in the two religions
260 _c1945
490 _aLutterworth library; 19. Missionary research series; 6
650 _aRELIGION
942 _hQ70Q6:3, H5
_cTEXL
_2CC
999 _c144118
_d144118